Catálogo

Science, spirituality and the modernization of India / (Registro nro. 57178)

Detalles MARC
000 -LEADER
fixed length control field 00838nam a2200265 a 4500
001 - CONTROL NUMBER
control field 57178
005 - DATE AND TIME OF LATEST TRANSACTION
control field 20180714053252.0
008 - FIXED-LENGTH DATA ELEMENTS--GENERAL INFORMATION
fixed length control field 140415s2000 xxu r 000 0 spa d
020 ## - INTERNATIONAL STANDARD BOOK NUMBER
International Standard Book Number 978-1-84331-748-7
041 ## - LANGUAGE CODE
Language code of text/sound track or separate title spa
082 0# - DEWEY DECIMAL CLASSIFICATION NUMBER
Classification number 215.0954
Item number PAR
100 1# - MAIN ENTRY--PERSONAL NAME
Personal name Paranjape, Makarand
Relator term autor
245 10 - TITLE STATEMENT
Title Science, spirituality and the modernization of India /
Statement of responsibility, etc. Makarand Paranjape.
250 ## - EDITION STATEMENT
Edition statement 1a ed.
264 #1 - PRODUCTION, PUBLICATION, DISTRIBUTION, MANUFACTURE, AND COPYRIGHT NOTICE
Place of production, publication, distribution, manufacture Estados Unidos de América:
Name of producer, publisher, distributor, manufacturer Anthem press,
Date of production, publication, distribution, manufacture, or copyright notice 2008
300 ## - PHYSICAL DESCRIPTION
Extent xxiv, 271 páginas :
Other physical details ilustraciones ;
Dimensions 23 cm.
336 ## - CONTENT TYPE
Content type term texto
Source rdacontent
337 ## - MEDIA TYPE
Media type term sin mediación
Source rdamedia
338 ## - CARRIER TYPE
Carrier type term volumen
Source rdacarrier
650 #0 - SUBJECT ADDED ENTRY--TOPICAL TERM
Topical term or geographic name entry element Religion y ciencia
General subdivision India
-- Historia
650 #0 - SUBJECT ADDED ENTRY--TOPICAL TERM
Topical term or geographic name entry element Espiritualidad
650 #0 - SUBJECT ADDED ENTRY--TOPICAL TERM
Topical term or geographic name entry element India
General subdivision Historia
-- Congresos
650 #0 - SUBJECT ADDED ENTRY--TOPICAL TERM
Topical term or geographic name entry element Espiritualidad
650 #0 - SUBJECT ADDED ENTRY--TOPICAL TERM
Topical term or geographic name entry element Religion
Existencias
Withdrawn status Lost status Source of classification or shelving scheme Damaged status Not for loan Collection code Home library Current library Shelving location Date acquired Source of acquisition Inventory number Total Checkouts Full call number Barcode Date last seen Price effective from Koha item type
    Dewey Decimal Classification     General Centro de Estudios en Ciencia y Religión Centro de Estudios en Ciencia y Religión Sala general 03/12/2013 Compra 151000000000000000077748   215.0954 PAR 2008 86387 05/01/2026 20/11/2015 Libro